| 000 | 01746nam2a2200325 4500 | ||
|---|---|---|---|
| 001 | RU\NLR\bibl\164548 | ||
| 005 | 20250618054540.0 | ||
| 010 |
_a5-215-00783-7 _9150 |
||
| 021 |
_aRU _b2000-34954 _91621 |
||
| 035 | _a(NLR Aleph) 000161393 | ||
| 090 |
_a928333 _c928333 |
||
| 100 | _a20010622d1999 |||y0rusy50 ca | ||
| 101 | 0 | _arus | |
| 102 | _aRU | ||
| 105 | _aa ||||||||| | ||
| 200 | 0 |
_aВып. 2 _fД.э.н., проф. В.Ф. Пресняков, к.э.н., доц. Б.А. Ерзнкян, д.э.н., проф. В.Г. Гребенников, к.э.н., доц. В.В. Зотов _gИн-т подгот. науч.-пед. кадров |
|
| 210 |
_d1999 _aБ. м. |
||
| 215 |
_a263 с. _cил. _d21 |
||
| 320 | _aБиблиогр. в конце разделов | ||
| 461 | 0 |
_1001RU\NLR\bibl\83132 _12001#$aПонятия и идеи институциональной экономики$vВып. 2 _9452090 _cМ. _d1999 _fАкад. РАН Д.С.Львов, д.э.н., проф. А.А.Зарнадзе, чл.-корр. РАН В.И.Маевский, д.э.н., проф. Г.Б.Клейнер _nГУУ _oПробл. лекции для аспирантов всех спец. _tПонятия и идеи институциональной экономики _vВып. 2 |
|
| 701 | 1 |
_aПресняков _bВ. Ф. _gВасилий Федорович _4070 |
|
| 701 | 1 |
_aЕрзнкян _bБ. А. _gБаграт Айкович _4070 |
|
| 701 | 1 |
_aГребенников _bВ. Г. _gВалерий Григорьевич _4070 |
|
| 701 | 1 |
_aЗотов _bВ. В. _gВалерий Григорьевич _4070 |
|
| 801 | 0 |
_aRU _bNLR _c20010622 _gPSBO |
|
| 801 | 1 |
_aRU _bNLR _c20010622 |
|
| 830 | _aАвт. по кн | ||
| 942 | _cBOOK | ||
| 980 | _aNB | ||